Top 20 Marcatori Ligue 1 - Statistics

Statistiche generali
  • Questo quiz è stato fatto 24 volte
  • Il punteggio medio è 2 su 15
Statistiche sulle risposte
Gol Nazione Stagioni in gol Goal per squadra Calciatore % Corretto
191 Francia 2015-2024 16 Monaco, 175 Paris Saint-Germain Kylian Mbappé
95%
164 Francia 1953-1962 42 Nizza, 122 Stade Reims Just Fontaine
27%
163 Francia 1970-1988 158 Bordeaux, 5 Olympique Marsiglia Alain Giresse
9%
179 Argentina 1973-1980 107 Stade Reims, 64 Paris Saint-Germain, 8 Strasburgo Carlos Bianchi
9%
299 Italia / Argentina 1971-1986 39 Stade Reims, 157 Monaco, 64 Tours, 39 Tolone Delio Onnis
9%
255 Francia 1969-1970; 1971-1987 123 Olympique Lione, 14 Saint-Étienne, 118 Bordeaux Bernard Lacombe
5%
187 Francia 1960-1968; 1969-1975 182 Olympique Lione, 5 Red Star Fleury Di Nallo
5%
179 Svezia 1950-1960 169 Olympique Marsiglia, 10 Bordeaux Gunnar Andersson
5%
203 Francia 1950-1966, 1965-1966 91 FC Nancy, 106 Stade Reims, 6 Nizza Roger Piantoni
5%
173 Marocco 1955-1964 119 Nîmes, 48 Stade Reims, 6 Monaco Hassan Akesbi
0%
216 Francia 1965-1973 175 Saint-Étienne, 41 Nizza Hervé Revelli
0%
169 Francia 1945-1953; 1965-1955 167 Lilla, 2 Roubaix-Tourcoing Jean Baratte
0%
190 Francia 1947-1964 3 Stade Français, 15 Sète, 38 Nîmes, 59 Nizza, 75 RC France Joseph Ujlaki
0%
210 Francia 1933-1946; 1948-1951; 1955-1956 209 Sochaux, 1 Troyes Roger Courtois
0%
206 Francia 1947-1950; 1954-1961 45 Metz, 152 RC France, 9 Valenciennes Thadée Cisowski
0%
Nessun quiz corrispondente trovato
Distribuzione punteggi
Percentuale di utenti per punteggio
Percentile per numero di risposta
I tuoi punteggi nel tempo
Non hai fatto questo quiz